| 000 | 00585cam a22002291 4500 | ||
|---|---|---|---|
| 001 | sa 67000926 | ||
| 003 | DLC | ||
| 005 | 20260227112318.0 | ||
| 008 | 791107s1966 ii 000 0 eng | ||
| 010 | _asa 67000926 | ||
| 035 | _a(OCoLC)5662037 | ||
| 040 |
_aDLC _cNBuU _dDLC |
||
| 042 | _apremarc | ||
| 050 | 0 | 0 |
_aHC435 _b.M34 |
| 082 | _a338.954 | ||
| 100 | 1 | _aMehta, Asoka. | |
| 245 | 1 | 4 |
_aThe plan; _bperspective and problems. |
| 250 | _a[1st ed.] | ||
| 260 |
_aBombay, _bBharatiya Vidya Bhavan, _c1966. |
||
| 300 |
_aiv, 232 p. _c22 cm. |
||
| 651 | 0 |
_aIndia _xEconomic policy. |
|
| 999 |
_c72297 _d72297 |
||